[Event "World op 51st"]
[Site "Philadelphia"]
[Date "2023.07.03"]
[Round "7"]
[White "Cooke, Eric"]
[Black "Lapan, Dan"]
[Result "0-1"]
[WhiteElo "2016"]
[BlackElo "2199"]
[PlyCount "93"]
[EventDate "2023.06.30"]
[EventType "swiss"]
[EventRounds "9"]
[EventCountry "USA"]
[SourceTitle "CBM 215 Extra"]
[Source "ChessBase"]
[SourceDate "2023.09.30"]
[SourceVersion "1"]
[SourceVersionDate "2023.09.30"]
[SourceQuality "1"]

1. e4 e5 2. Nf3 Nc6 3. Bb5 g6 4. d4 exd4 5. c3 dxc3 6. Nxc3 Bg7 7. Bg5 f6 8. Be3 d6 9. h4 h5 10. Qc2 Nge7 11. 0-0-0 Bd7 12. Rhg1 a6 13. Bc4 b5 14. Bd5 Nb4 15. Qb3 Nbxd5 16. Nxd5 Nxd5 17. Qxd5 Rc8 18. Rge1 Qe7 19. Bf4 Qe6 20. Nd4 Qxd5 21. exd5+ Kf7 22. Ne6 Bh6 23. Bxh6 Rxh6 24. Nd4 Rhh8 25. Kd2 c6 26. dxc6 Bxc6 27. g3 Bd5 28. b3 b4 29. Re3 Rhe8 30. Rxe8 Kxe8 31. Re1+ Kf7 32. Ra1 g5 33. a3 gxh4 34. gxh4 Rg8 35. axb4 Rg4 36. Ke3 Re4+ 37. Kd3 Rxh4 38. Rxa6 Rh3+ 39. Ke2 Bxb3 40. Rxd6 Bc4+ 41. Kd2 Rd3+ 42. Kc2 h4 43. b5 h3 44. b6 h2 45. b7 h1Q 46. b8Q Qd1+ 47. Kb2 0-1

[Event "World op 51st"]
[Site "Philadelphia"]
[Date "2023.07.02"]
[Round "4"]
[White "Paragua, Mark"]
[Black "Cooke, Eric"]
[Result "1-0"]
[WhiteElo "2447"]
[BlackElo "2016"]
[PlyCount "71"]
[EventDate "2023.06.30"]
[EventType "swiss"]
[EventRounds "9"]
[EventCountry "USA"]
[SourceTitle "CBM 215 Extra"]
[Source "ChessBase"]
[SourceDate "2023.09.30"]
[SourceVersion "1"]
[SourceVersionDate "2023.09.30"]
[SourceQuality "1"]

1. e4 e6 2. d3 c5 3. Nf3 Nc6 4. g3 g6 5. Bg2 Bg7 6. 0-0 Nge7 7. c3 e5 8. Be3 d6 9. d4 cxd4 10. cxd4 0-0 11. d5 Nb8 12. Nc3 h6 13. Qc1 Kh7 14. Nb5 Na6 15. Nd2 f5 16. Nc4 Rf6 17. a4 b6 18. f4 fxe4 19. fxe5 Rxf1+ 20. Qxf1 Nxd5 21. Bxe4 Nxe3 22. Nxe3 d5 23. Nxd5 Bf5 24. Rd1 Qg5 25. Bxf5 gxf5 26. e6 Nc5 27. Nbc7 Rg8 28. e7 Qh5 29. Nf4 Qf7 30. Qh3 Be5 31. e8Q Rxe8 32. Nxe8 Bxf4 33. gxf4 Qxe8 34. Qxf5+ Kg8 35. Kf2 Ne4+ 36. Kf3 1-0

[Event "World op 51st"]
[Site "Philadelphia"]
[Date "2023.06.30"]
[Round "1"]
[White "Cooke, Eric"]
[Black "Corrales Jimenez, Fidel"]
[Result "1/2-1/2"]
[WhiteElo "2016"]
[BlackElo "2509"]
[PlyCount "71"]
[EventDate "2023.06.30"]
[EventType "swiss"]
[EventRounds "9"]
[EventCountry "USA"]
[SourceTitle "CBM 215 Extra"]
[Source "ChessBase"]
[SourceDate "2023.09.30"]
[SourceVersion "1"]
[SourceVersionDate "2023.09.30"]
[SourceQuality "1"]

1. d4 Nf6 2. c4 g6 3. Nc3 Bg7 4. g3 0-0 5. Bg2 d6 6. Nf3 Nbd7 7. 0-0 e5 8. e4 c6 9. h3 a6 10. a4 a5 11. Re1 Re8 12. Kh2 Qb6 13. c5 dxc5 14. dxe5 Nxe5 15. Nxe5 Rxe5 16. f4 Re8 17. e5 Rd8 18. Qe2 Nd5 19. Ne4 Be6 20. Bd2 c4 21. Rab1 Nb4 22. Be3 Qc7 23. Bc5 Nd3 24. Bd6 Qb6 25. Red1 Qb3 26. Be7 Rd4 27. Qe3 Rd7 28. Nf6+ Bxf6 29. Bxf6 Nb4 30. Qe1 Rd3 31. Rxd3 cxd3 32. f5 Bxf5 33. Qe3 Kf8 34. Qc5+ Kg8 35. Qe3 Kf8 36. Qc5+ 1/2-1/2

[Event "World op 50th"]
[Site "Philadelphia"]
[Date "2022.07.04"]
[Round "8"]
[White "Gao, Marvin"]
[Black "Cooke, Eric"]
[Result "1/2-1/2"]
[WhiteElo "1988"]
[BlackElo "2048"]
[PlyCount "66"]
[EventDate "2022.06.30"]
[EventType "swiss"]
[EventRounds "9"]
[EventCountry "USA"]
[SourceTitle "CBM 209 Extra"]
[Source "ChessBase"]
[SourceDate "2022.09.30"]
[SourceVersion "1"]
[SourceVersionDate "2022.09.30"]
[SourceQuality "1"]

1. e4 e6 2. d4 d5 3. exd5 exd5 4. Bd3 c5 5. dxc5 Bxc5 6. Nc3 Ne7 7. Nge2 Bg4 8. 0-0 Nbc6 9. h3 Bh5 10. Qd2 0-0 11. Nf4 Bg6 12. Bxg6 fxg6 13. Ncxd5 Nd4 14. b4 Nxd5 15. Nxd5 Qxd5 16. bxc5 Rad8 17. c3 Nf3+ 18. gxf3 Qxd2 19. Bxd2 Rxd2 20. Rab1 Rf7 21. Rfd1 Rxd1+ 22. Rxd1 Rxf3 23. Rd8+ Kf7 24. Rd7+ Kf6 25. Kg2 Rxc3 26. Rxb7 Ra3 27. c6 Rxa2 28. c7 Rc2 29. Rxa7 Kg5 30. Kg3 h5 31. h4+ Kf5 32. Ra5+ Kf6 33. Ra6+ Kf5 1/2-1/2

[Event "World op 50th"]
[Site "Philadelphia"]
[Date "2022.07.02"]
[Round "5"]
[White "Cooke, Eric"]
[Black "Cardwell, Guy"]
[Result "1-0"]
[WhiteElo "2048"]
[BlackElo "1887"]
[PlyCount "57"]
[EventDate "2022.06.30"]
[EventType "swiss"]
[EventRounds "9"]
[EventCountry "USA"]
[SourceTitle "CBM 209 Extra"]
[Source "ChessBase"]
[SourceDate "2022.09.30"]
[SourceVersion "1"]
[SourceVersionDate "2022.09.30"]
[SourceQuality "1"]

1. e4 e5 2. f4 exf4 3. Nf3 g5 4. Bc4 g4 5. 0-0 gxf3 6. Qxf3 Qf6 7. e5 Qxe5 8. d3 Bh6 9. Nc3 Nf6 10. Bxf4 Qxf4 11. Rae1+ Kd8 12. Qxf4 Bxf4 13. Rxf4 Ne8 14. Bxf7 d6 15. Nd5 Bd7 16. Bxe8 Rxe8 17. Rxe8+ Bxe8 18. Rf8 Na6 19. Nf6 Ke7 20. Nxh7 Nb4 21. h4 a5 22. g4 a4 23. Rf4 Nd5 24. Re4+ Kf7 25. c4 Kg7 26. Ng5 Nf6 27. Re7+ Kg6 28. Ne6 Bc6 29. Nf4+ 1-0

[Event "Coral Springs Turkey Bowl op 19th"]
[Site "Coral Springs"]
[Date "2021.11.14"]
[Round "3"]
[White "Cooke, Eric"]
[Black "Leyva Rivera, Yunier"]
[Result "1/2-1/2"]
[WhiteElo "2044"]
[BlackElo "2398"]
[PlyCount "65"]
[EventDate "2021.11.12"]
[EventType "swiss"]
[EventRounds "5"]
[EventCountry "USA"]
[SourceTitle "EXT 2023"]
[Source "ChessBase"]
[SourceDate "2022.10.05"]
[SourceVersion "1"]
[SourceVersionDate "2022.10.05"]
[SourceQuality "1"]

1. d4 Nf6 2. c4 e6 3. Nf3 d5 4. Nc3 c5 5. cxd5 exd5 6. Bg5 Be7 7. g3 0-0 8. Bg2 cxd4 9. Nxd4 Nc6 10. 0-0 h6 11. Be3 Be6 12. Rc1 Rc8 13. Nxc6 Rxc6 14. Bd4 Re8 15. Qd2 Qa5 16. Rcd1 Rd8 17. Bxf6 Bxf6 18. Nxd5 Qxd2 19. Rxd2 Kf8 20. e4 Bxd5 21. exd5 Ra6 22. b3 Ke7 23. Rc2 Be5 24. Re1 Kf6 25. Re4 Rxd5 26. Rf4+ Bxf4 27. Bxd5 Bd6 28. Bxb7 Ra5 29. Kg2 h5 30. h3 g6 31. Bf3 Rc5 32. Rxc5 Bxc5 33. Be2 1/2-1/2

[Event "World op 49th"]
[Site "Philadelphia"]
[Date "2021.07.05"]
[Round "8"]
[White "Mangalam, Shreya B"]
[Black "Cooke, Eric"]
[Result "1-0"]
[WhiteElo "1997"]
[BlackElo "2065"]
[PlyCount "71"]
[EventDate "2021.07.01"]
[EventType "swiss"]
[EventRounds "9"]
[EventCountry "USA"]
[SourceTitle "EXT 2022"]
[Source "ChessBase"]
[SourceDate "2021.10.06"]
[SourceVersion "1"]
[SourceVersionDate "2021.10.06"]
[SourceQuality "1"]

1. e4 e6 2. d4 d5 3. Nd2 Nf6 4. e5 Nfd7 5. c3 c5 6. Bd3 Nc6 7. Ne2 f6 8. exf6 gxf6 9. Nf4 Qe7 10. Qh5+ Qf7 11. Bg6 hxg6 12. Qxh8 cxd4 13. 0-0 Nde5 14. Nb3 dxc3 15. bxc3 Bd7 16. Ba3 0-0-0 17. Bxf8 Rxf8 18. Qh3 g5 19. Nd3 g4 20. Nxe5 Nxe5 21. Qe3 b6 22. Nd2 Bc6 23. f4 Nd7 24. c4 Rh8 25. cxd5 Bxd5 26. Rfc1+ Kb8 27. a4 Qh7 28. Qg3 Qf5 29. a5 bxa5 30. Rxa5 Nb6 31. Rb5 Rd8 32. Qe3 Kb7 33. Nb3 Rd6 34. Qc5 Bc6 35. Rxb6+ axb6 36. Qxd6 1-0

[Event "World op 49th"]
[Site "Philadelphia"]
[Date "2021.07.03"]
[Round "5"]
[White "Cooke, Eric"]
[Black "Seshadri, Sridhar"]
[Result "1-0"]
[WhiteElo "2065"]
[BlackElo "1585"]
[PlyCount "99"]
[EventDate "2021.07.01"]
[EventType "swiss"]
[EventRounds "9"]
[EventCountry "USA"]
[SourceTitle "EXT 2022"]
[Source "ChessBase"]
[SourceDate "2021.10.06"]
[SourceVersion "1"]
[SourceVersionDate "2021.10.06"]
[SourceQuality "1"]

1. e4 e6 2. d4 d6 3. f4 g6 4. c4 Bg7 5. Nf3 h6 6. Nc3 a6 7. Be3 b6 8. Bd3 Bb7 9. 0-0 Ne7 10. Qd2 Nd7 11. Rae1 c5 12. Kh1 cxd4 13. Bxd4 Bxd4 14. Nxd4 e5 15. Nf3 Qc7 16. Nd5 Nxd5 17. cxd5 a5 18. fxe5 dxe5 19. Bb5 Qd6 20. Rc1 Rc8 21. Rxc8+ Bxc8 22. Qc3 0-0 23. Bxd7 Bxd7 24. Nxe5 Bb5 25. Re1 Kh7 26. Nf3 f6 27. h3 Rf7 28. Qd4 Qg3 29. Qxb6 Bd7 30. Qe3 g5 31. Ng1 Qe5 32. Qc3 Qf4 33. Qxa5 g4 34. Qc3 gxh3 35. Nxh3 Qh4 36. Rf1 Qxe4 37. Qf3 Qc4 38. b3 Qh4 39. Qd3+ Kg8 40. Qg6+ Rg7 41. Qxf6 Qg3 42. Qf8+ Kh7 43. Qf3 Qh4 44. Qd3+ Kg8 45. d6 Qh5 46. Qc4+ Kh7 47. Qe4+ Kg8 48. Rf3 Bg4 49. Rg3 Bf5 50. Qd5+ 1-0

[Event "World op 46th"]
[Site "Philadelphia"]
[Date "2018.07.08"]
[Round "8"]
[White "Aaron, Deepak"]
[Black "Cooke, Eric"]
[Result "1-0"]
[WhiteElo "2338"]
[BlackElo "2098"]
[PlyCount "72"]
[EventDate "2018.07.04"]
[EventType "swiss"]
[EventRounds "9"]
[EventCountry "USA"]
[SourceTitle "CBM 185 Extra"]
[Source "ChessBase"]
[SourceDate "2018.07.29"]
[SourceVersion "1"]
[SourceVersionDate "2018.07.29"]
[SourceQuality "1"]

1. e4 e6 2. d4 d5 3. Nd2 Nf6 4. e5 Nfd7 5. c3 c5 6. Bd3 Nc6 7. Ne2 f6 8. Nf4 Qe7 9. exf6 gxf6 10. Nf3 c4 11. Bc2 Nb6 12. 0-0 Bd7 13. a4 0-0-0 14. a5 Na8 15. Re1 Nc7 16. b3 cxb3 17. Bxb3 Qf7 18. Nd3 Bd6 19. Ba4 Rdg8 20. Ba3 Qg7 21. g3 Qe7 22. Bxd6 Qxd6 23. Nc5 b6 24. axb6 axb6 25. Nxd7 Kxd7 26. Rb1 Rb8 27. Qd3 Ra8 28. Qc2 Ra6 29. c4 dxc4 30. d5 exd5 31. Qf5+ Kd8 32. Bxc6 Qxc6 33. Nd4 Qd6 34. Ne6+ Kc8 35. Nc5+ Kb8 36. Nxa6+ Nxa6 1-0

[Event "World op 46th"]
[Site "Philadelphia"]
[Date "2018.07.07"]
[Round "7"]
[White "Cooke, Eric"]
[Black "Mahajan, Rushaan"]
[Result "1-0"]
[WhiteElo "2098"]
[BlackElo "1905"]
[PlyCount "39"]
[EventDate "2018.07.04"]
[EventType "swiss"]
[EventRounds "9"]
[EventCountry "USA"]
[SourceTitle "CBM 185 Extra"]
[Source "ChessBase"]
[SourceDate "2018.07.29"]
[SourceVersion "1"]
[SourceVersionDate "2018.07.29"]
[SourceQuality "1"]

1. e4 e5 2. f4 d5 3. exd5 exf4 4. Nf3 Qxd5 5. d4 Bd6 6. c4 Qe4+ 7. Be2 c6 8. 0-0 Ne7 9. Bd3 Qe6 10. Nc3 Qh6 11. Re1 Bg4 12. c5 Bc7 13. d5 Nd7 14. d6 Bxd6 15. cxd6 Qxd6 16. Ne4 Qc7 17. Nf2 Be6 18. Nd4 Qd6 19. Nxe6 fxe6 20. Bg6+ 1-0

[Event "World op 46th"]
[Site "Philadelphia"]
[Date "2018.07.05"]
[Round "3"]
[White "Cooke, Eric"]
[Black "Idnani, Roshan R"]
[Result "1-0"]
[WhiteElo "2098"]
[BlackElo "1829"]
[PlyCount "73"]
[EventDate "2018.07.04"]
[EventType "swiss"]
[EventRounds "9"]
[EventCountry "USA"]
[SourceTitle "CBM 185 Extra"]
[Source "ChessBase"]
[SourceDate "2018.07.29"]
[SourceVersion "1"]
[SourceVersionDate "2018.07.29"]
[SourceQuality "1"]

1. d4 Nf6 2. c4 g6 3. Nc3 Bg7 4. e4 d6 5. f3 0-0 6. Be3 c5 7. d5 a6 8. a4 Nbd7 9. Nh3 Ne5 10. Nf2 e6 11. Be2 exd5 12. cxd5 h5 13. 0-0 Rb8 14. h3 Re8 15. Qd2 Kh7 16. Bg5 Qc7 17. f4 Ned7 18. Bc4 Nb6 19. Ba2 c4 20. e5 dxe5 21. fxe5 Nfxd5 22. Nxd5 Nxd5 23. Qxd5 Be6 24. Qf3 Bxe5 25. Bf6 Bxf6 26. Qxf6 Bd5 27. Rad1 Rbd8 28. Qg5 Qc6 29. Rfe1 Rxe1+ 30. Rxe1 Rd7 31. Bb1 Qxa4 32. Qxh5+ Kg7 33. Qe5+ Kh7 34. Ng4 Rd8 35. Nf6+ Kh6 36. Nxd5 Qa5 37. Qe3+ 1-0

[Event "World op 46th"]
[Site "Philadelphia"]
[Date "2018.07.04"]
[Round "1"]
[White "Cooke, Eric"]
[Black "Rozman, Levy"]
[Result "0-1"]
[WhiteElo "2098"]
[BlackElo "2417"]
[PlyCount "54"]
[EventDate "2018.07.04"]
[EventType "swiss"]
[EventRounds "9"]
[EventCountry "USA"]
[SourceTitle "CBM 185 Extra"]
[Source "ChessBase"]
[SourceDate "2018.07.29"]
[SourceVersion "1"]
[SourceVersionDate "2018.07.29"]
[SourceQuality "1"]

1. d4 d5 2. c4 dxc4 3. e3 e5 4. Bxc4 exd4 5. exd4 Bd6 6. Nf3 Nf6 7. 0-0 0-0 8. Bg5 Nc6 9. h3 h6 10. Bh4 g5 11. Bg3 Bxg3 12. fxg3 g4 13. Nh4 Ne4 14. Rf4 Nxg3 15. Rxg4+ Bxg4 16. Qxg4+ Qg5 17. Nc3 Rad8 18. Nd5 Qxg4 19. hxg4 Ne2+ 20. Kf2 Nexd4 21. Nf6+ Kg7 22. Nh5+ Kh8 23. Re1 b5 24. Bd3 Rfe8 25. Be4 Nc2 26. Re2 N6d4 27. Rxc2 Nxc2 0-1

[Event "Space Coast op 25th"]
[Site "Cocoa Beach"]
[Date "2018.04.29"]
[Round "5"]
[White "Narayanan, Samrug"]
[Black "Cooke, Eric"]
[Result "0-1"]
[WhiteElo "2114"]
[BlackElo "2132"]
[PlyCount "88"]
[EventDate "2018.04.27"]
[EventType "swiss"]
[EventRounds "5"]
[EventCountry "USA"]
[SourceTitle "CBM 184 Extra"]
[Source "ChessBase"]
[SourceDate "2018.06.28"]
[SourceVersion "1"]
[SourceVersionDate "2018.06.28"]
[SourceQuality "1"]

1. e4 e6 2. d4 d5 3. e5 c5 4. c3 Nc6 5. Nf3 Bd7 6. Be2 cxd4 7. cxd4 Nge7 8. Na3 Nf5 9. Nc2 Nb4 10. Nxb4 Bxb4+ 11. Bd2 Bxd2+ 12. Qxd2 Qb6 13. a4 a5 14. 0-0 0-0 15. Bd3 Ne7 16. h4 f5 17. exf6 gxf6 18. Rfc1 Rf7 19. Rc3 Rg7 20. b3 Kh8 21. Rac1 Rag8 22. g3 e5 23. Bf1 e4 24. Ne1 Nf5 25. Kh2 Nxh4 26. Rc5 Qd6 27. R5c3 Nf5 28. Ng2 e3 29. Rxe3 Nxe3 30. Qxe3 Re8 31. Qf4 Qe6 32. Ne3 Qe4 33. Qxe4 dxe4 34. Rc7 Be6 35. Rxg7 Kxg7 36. d5 Bd7 37. Bh3 Rd8 38. Bxd7 Rxd7 39. d6 Kf7 40. Nc4 Ke6 41. Kg2 Rxd6 42. Nxa5 Rb6 43. Kf1 Rb4 44. Ke2 Kd5 0-1

[Event "Space Coast op 25th"]
[Site "Cocoa Beach"]
[Date "2018.04.28"]
[Round "3"]
[White "Dreev, Alexey"]
[Black "Cooke, Eric"]
[Result "1-0"]
[WhiteElo "2653"]
[BlackElo "2132"]
[PlyCount "73"]
[EventDate "2018.04.27"]
[EventType "swiss"]
[EventRounds "5"]
[EventCountry "USA"]
[SourceTitle "CBM 184 Extra"]
[Source "ChessBase"]
[SourceDate "2018.06.28"]
[SourceVersion "1"]
[SourceVersionDate "2018.06.28"]
[SourceQuality "1"]

1. d4 d5 2. c4 e6 3. Nc3 Nf6 4. cxd5 exd5 5. Bg5 Be7 6. e3 0-0 7. Bd3 h6 8. Bh4 Nbd7 9. Nf3 b6 10. Qc2 Bb7 11. Rd1 c5 12. 0-0 a6 13. dxc5 bxc5 14. Bf5 Re8 15. Qb3 Nb6 16. Bb1 Ra7 17. Qc2 Nbd7 18. Nxd5 Bxd5 19. Rxd5 g6 20. Rd2 Qb8 21. Bg3 Qb6 22. Rfd1 Nf8 23. Ne5 Nh5 24. Nc4 Qe6 25. Be5 Nh7 26. b3 Ng5 27. f4 Nh7 28. Nd6 Rd8 29. Nxf7 Kxf7 30. Rxd8 Bxd8 31. Rd6 Qe8 32. Qxg6+ Kf8 33. Qxe8+ Kxe8 34. Bg6+ Ke7 35. Bxh5 Nf8 36. Rxh6 a5 37. Bd6+ 1-0

[Event "Philadelphia int op 11th"]
[Site "Philadelphia"]
[Date "2017.06.29"]
[Round "9"]
[White "Jirasek, Ladia R"]
[Black "Cooke, Eric"]
[Result "1-0"]
[WhiteElo "2271"]
[BlackElo "2118"]
[PlyCount "123"]
[EventDate "2017.06.24"]
[EventType "swiss"]
[EventRounds "9"]
[EventCountry "USA"]
[SourceTitle "CBM 179 Extra"]
[Source "ChessBase"]
[SourceDate "2017.08.23"]
[SourceVersion "1"]
[SourceVersionDate "2017.08.23"]
[SourceQuality "1"]

1. e4 e6 2. d4 d5 3. Nc3 Bb4 4. e5 c5 5. Bd2 Ne7 6. Nb5 Bxd2+ 7. Qxd2 0-0 8. f4 cxd4 9. Nf3 Nbc6 10. Nbxd4 Bd7 11. 0-0-0 Nxd4 12. Nxd4 Nc6 13. Nf3 b5 14. Bd3 f6 15. h4 b4 16. exf6 Qxf6 17. Ng5 Qxf4 18. Bxh7+ Kh8 19. Rhe1 Rac8 20. Bg6 Qf6 21. Qd3 Nd4 22. Rf1 Rxc2+ 23. Kb1 Rxb2+ 24. Kxb2 Nf5+ 25. Kb1 Qxg6 26. g4 b3 27. axb3 Qe8 28. Qf3 Bb5 29. Rf2 Qg6 30. Ka2 a5 31. gxf5 Rxf5 32. Qe3 a4 33. Rxf5 Qxf5 34. Rc1 axb3+ 35. Qxb3 Qf2+ 36. Rc2 Qa7+ 37. Kb2 Bc4 38. Qa3 Qb6+ 39. Ka1 Qg1+ 40. Rc1 Qd4+ 41. Rc3 Qg1+ 42. Qc1 Qa7+ 43. Ra3 Qd4+ 44. Qc3 Qg1+ 45. Kb2 Qf2+ 46. Kc1 Qg1+ 47. Kc2 Qf2+ 48. Qd2 Qf5+ 49. Kc3 Qf6+ 50. Qd4 Qf8 51. Ra7 Ba6 52. Nxe6 Qa3+ 53. Kd2 Qa2+ 54. Ke3 Qe2+ 55. Kf4 Qh2+ 56. Kf5 Qh3+ 57. Ke5 Bc8 58. Re7 Qg3+ 59. Kxd5 Qb3+ 60. Kc6 Qf3+ 61. Kc7 Qb7+ 62. Kd8 1-0

[Event "Philadelphia int op 11th"]
[Site "Philadelphia"]
[Date "2017.06.25"]
[Round "4"]
[White "Cooke, Eric"]
[Black "Perez, Robert M"]
[Result "1/2-1/2"]
[WhiteElo "2118"]
[BlackElo "2365"]
[PlyCount "95"]
[EventDate "2017.06.24"]
[EventType "swiss"]
[EventRounds "9"]
[EventCountry "USA"]
[SourceTitle "CBM 179 Extra"]
[Source "ChessBase"]
[SourceDate "2017.08.23"]
[SourceVersion "1"]
[SourceVersionDate "2017.08.23"]
[SourceQuality "1"]

1. d4 Nf6 2. c4 g6 3. Nc3 d5 4. cxd5 Nxd5 5. e4 Nxc3 6. bxc3 Bg7 7. Bc4 c5 8. Ne2 Nc6 9. Be3 0-0 10. 0-0 Qc7 11. Rc1 b6 12. h3 Bb7 13. f4 Rad8 14. f5 Qb8 15. fxg6 hxg6 16. Rxf7 Rxf7 17. Bxf7+ Kxf7 18. Qb3+ e6 19. Rf1+ Kg8 20. Qxe6+ Kh7 21. Rf4 g5 22. Qf5+ Kg8 23. Qxg5 Qd6 24. Ng3 Qe7 25. Qh5 Bc8 26. Rh4 Bf6 27. Rf4 cxd4 28. cxd4 Nxd4 29. Qg6+ Bg7 30. e5 Qe6 31. Qg5 Ne2+ 32. Nxe2 Rd1+ 33. Kf2 Qxa2 34. Qh5 Rd8 35. Bd4 Qe6 36. Qg5 Rd7 37. h4 Ba6 38. Nc3 Rf7 39. Ne4 Rxf4+ 40. Qxf4 Qa2+ 41. Kg3 Bb7 42. e6 Qb3+ 43. Kh2 Qxe6 44. Bxg7 Qxe4 45. Qf8+ Kh7 46. Qh8+ Kg6 47. Qh6+ Kf7 48. Qf6+ 1/2-1/2

[Event "Space Coast op 23rd"]
[Site "Cocoa Beach"]
[Date "2016.04.23"]
[Round "2"]
[White "Cooke, Eric"]
[Black "Stukopin, Andrey"]
[Result "0-1"]
[WhiteElo "2152"]
[BlackElo "2581"]
[PlyCount "66"]
[EventDate "2016.04.22"]
[EventType "swiss"]
[EventRounds "5"]
[EventCountry "USA"]
[SourceTitle "CBM 172 Extra"]
[Source "ChessBase"]
[SourceDate "2016.06.21"]
[SourceVersion "1"]
[SourceVersionDate "2016.06.21"]
[SourceQuality "1"]

1. e4 c5 2. Nf3 e6 3. d4 cxd4 4. Nxd4 Nc6 5. Nc3 Qc7 6. Be3 a6 7. Bd3 Nf6 8. 0-0 Ne5 9. h3 Bc5 10. Re1 d6 11. f4 Ng6 12. Kh1 0-0 13. f5 Ne5 14. a3 b5 15. Bg1 Re8 16. Nce2 Bb7 17. Ng3 d5 18. fxe6 Nxd3 19. exf7+ Qxf7 20. Qxd3 dxe4 21. Qe2 e3 22. c3 Bxd4 23. cxd4 Qg6 24. Bh2 Rac8 25. Rac1 Nd5 26. Nf1 Rxc1 27. Rxc1 Rf8 28. Be5 h5 29. Ng3 h4 30. Qh5 Qxh5 31. Nxh5 g6 32. Ng7 e2 33. Re1 Rf1+ 0-1

[Event "World op 42nd"]
[Site "Arlington"]
[Date "2014.07.03"]
[Round "2"]
[White "Cooke, Eric"]
[Black "Fishbein, Alexander"]
[Result "0-1"]
[WhiteElo "2154"]
[BlackElo "2479"]
[PlyCount "80"]
[EventDate "2014.07.02"]
[EventType "swiss"]
[EventRounds "9"]
[EventCountry "USA"]
[SourceTitle "CBM 161 Extra"]
[Source "ChessBase"]
[SourceDate "2014.08.29"]
[SourceVersion "1"]
[SourceVersionDate "2014.08.29"]
[SourceQuality "1"]

1. d4 Nf6 2. c4 g6 3. Nc3 Bg7 4. e4 d6 5. f3 0-0 6. Be3 c5 7. d5 e6 8. Nge2 exd5 9. cxd5 Nbd7 10. Ng3 h5 11. Be2 a6 12. a4 Nh7 13. 0-0 h4 14. Nh1 f5 15. Qd2 Qf6 16. g3 Qe7 17. Rae1 fxe4 18. Nxe4 hxg3 19. hxg3 Ne5 20. Bf4 Bh3 21. Rf2 Bf5 22. Ng5 Nxg5 23. Bxg5 Bf6 24. Bh6 Rfe8 25. g4 Bd7 26. Kg2 Nf7 27. Bf4 Bd4 28. Rff1 Qf6 29. Bd3 Rxe1 30. Rxe1 Ne5 31. g5 Qf7 32. Bxe5 Bxe5 33. Ng3 Rf8 34. Qe3 Bf4 35. Qe2 Bxg3 36. Kxg3 Qf4+ 37. Kg2 Qxg5+ 38. Kh1 Qh4+ 39. Kg1 Qg3+ 40. Kh1 Rf4 0-1

[Event "Groningen Harmonie op-A"]
[Site "Groningen"]
[Date "2007.12.28"]
[Round "7"]
[White "Pijpers, Arthur"]
[Black "Cooke, Eric"]
[Result "1-0"]
[WhiteElo "2000"]
[BlackElo "2253"]
[PlyCount "107"]
[EventDate "2007.12.21"]
[EventType "swiss"]
[EventRounds "9"]
[EventCountry "NED"]
[SourceTitle "CBM 121 Extra"]
[Source "ChessBase"]
[SourceDate "2008.01.10"]
[SourceVersion "1"]
[SourceVersionDate "2008.01.10"]
[SourceQuality "1"]

1. e4 e6 2. d4 d5 3. Nc3 Bb4 4. e5 c5 5. a3 Bxc3+ 6. bxc3 Ne7 7. Qg4 Qc7 8. Qxg7 Rg8 9. Qxh7 cxd4 10. Ne2 Nbc6 11. f4 Bd7 12. Qd3 dxc3 13. Qxc3 Nf5 14. Rb1 0-0-0 15. Rg1 d4 16. Qd3 f6 17. g4 Nh6 18. Nxd4 Nxd4 19. Qxd4 Bb5 20. Qb4 Bxf1 21. Rxf1 Nxg4 22. Rf3 Qh7 23. Rh3 Rd1+ 24. Kxd1 Nf2+ 25. Ke1 Nxh3 26. Be3 Kb8 27. Qa5 b6 28. Bxb6 Ka8 29. Be3 Rc8 30. Qa4 f5 31. Qb3 Qd7 32. Bc1 Qc6 33. Qxh3 Qh1+ 34. Qf1 Qe4+ 35. Qe2 Qh1+ 36. Kd2 Qd5+ 37. Ke3 Qe4+ 38. Kf2 Rxc2 39. Bd2 Qd4+ 40. Kg3 Rxd2 41. Qf3+ Qd5 42. Qxd5+ Rxd5 43. Rb3 Rd8 44. h4 Rg8+ 45. Kh3 Rg1 46. Rb2 Rh1+ 47. Rh2 Ra1 48. h5 Rxa3+ 49. Kh4 Rb3 50. h6 Rb8 51. h7 a5 52. Rg2 Ka7 53. Rg8 Rb7 54. h8Q 1-0

[Event "Budapest FS12 IM"]
[Site "Budapest"]
[Date "2007.12.04"]
[Round "4"]
[White "Boguszlavszkij, Jevgenyij"]
[Black "Cooke, Eric"]
[Result "1-0"]
[WhiteElo "2304"]
[BlackElo "2253"]
[PlyCount "87"]
[EventDate "2007.12.01"]
[EventType "tourn"]
[EventRounds "11"]
[EventCountry "HUN"]
[EventCategory "1"]
[SourceTitle "CBM 121 Extra"]
[Source "ChessBase"]
[SourceDate "2008.01.10"]
[SourceVersion "1"]
[SourceVersionDate "2008.01.10"]
[SourceQuality "1"]

1. e4 e6 2. d4 d5 3. Nd2 Nf6 4. e5 Nfd7 5. Bd3 c5 6. c3 Nc6 7. Ngf3 f6 8. Ng5 fxg5 9. Qh5+ Ke7 10. Nf3 h6 11. Nxg5 Ndxe5 12. dxe5 Nxe5 13. Bc2 g6 14. Qe2 Bg7 15. 0-0 Qd6 16. Nh3 Bd7 17. Bf4 g5 18. Bg3 Qa6 19. Qe1 Nd3 20. Qe3 c4 21. Kh1 Qb6 22. Qe2 Raf8 23. Rab1 Nf4 24. Nxf4 gxf4 25. Bh4+ Bf6 26. Bxf6+ Rxf6 27. b3 cxb3 28. Bxb3 Qd6 29. f3 Kf7 30. Rfd1 Bc6 31. Rd4 h5 32. c4 h4 33. cxd5 exd5 34. h3 Kg7 35. Qd2 Rh5 36. Ba4 Re5 37. Qb2 Re7 38. Bb3 Re5 39. Rbd1 Kg6 40. Qc2+ Kh6 41. Qf2 Kh5 42. Qd2 Qe6 43. Rxf4 Rxf4 44. Qxf4 1-0

[Event "Budapest FS12 IM"]
[Site "Budapest"]
[Date "2007.12.03"]
[Round "3"]
[White "Cooke, Eric"]
[Black "Lengyel, Bela"]
[Result "1-0"]
[WhiteElo "2253"]
[BlackElo "2263"]
[PlyCount "155"]
[EventDate "2007.12.01"]
[EventType "tourn"]
[EventRounds "11"]
[EventCountry "HUN"]
[EventCategory "1"]
[SourceTitle "CBM 121 Extra"]
[Source "ChessBase"]
[SourceDate "2008.01.10"]
[SourceVersion "1"]
[SourceVersionDate "2008.01.10"]
[SourceQuality "1"]

1. e4 e5 2. Nf3 Nc6 3. Bb5 a6 4. Ba4 Nf6 5. 0-0 Bc5 6. c3 Nxe4 7. Qe2 f5 8. d3 Nf6 9. d4 Ba7 10. dxe5 Ne4 11. Bb3 Nc5 12. Bg5 Ne7 13. Nh4 Nxb3 14. Nxf5 Nxf5 15. Bxd8 Nxa1 16. Bxc7 0-0 17. Na3 d5 18. Rxa1 Be6 19. Nc2 d4 20. Nxd4 Nxd4 21. cxd4 Bxd4 22. Qe4 Bxf2+ 23. Kh1 Rac8 24. Bd6 Rf7 25. Rd1 Rc4 26. Qe2 Bb6 27. h3 Rcf4 28. Kh2 R7f5 29. b4 Rf2 30. Qe4 Rh5 31. Bc5 Bxh3 32. Bxf2 Bf5+ 33. Qh4 Rxh4+ 34. Bxh4 Bc7 35. Bg3 Be6 36. a3 Kf7 37. Rf1+ Ke7 38. Kg1 Bd5 39. Rc1 Bc6 40. a4 Bb8 41. a5 Ke6 42. Kf2 Ba7+ 43. Ke2 h5 44. Bf2 Bb8 45. Bd4 h4 46. Kf2 g5 47. Kg1 Kd5 48. Bb2 Ba7+ 49. Kh2 Be3 50. Rd1+ Ke6 51. Rd6+ Kf5 52. Kh3 g4+ 53. Kxh4 Bg5+ 54. Kg3 Bf4+ 55. Kf2 g3+ 56. Kg1 Bxe5 57. Bxe5 Kxe5 58. Rg6 Kf4 59. Kf1 Bb5+ 60. Kg1 Bc6 61. Rg7 Be4 62. Kf1 Bd5 63. Rd7 Be4 64. Rd4 Kf5 65. Rxe4 Kxe4 66. Ke2 Kd4 67. Kf3 Kc4 68. Kxg3 Kxb4 69. Kf4 Kxa5 70. g4 b5 71. Ke3 Ka4 72. Kd2 Ka3 73. g5 b4 74. g6 b3 75. g7 a5 76. g8Q Ka2 77. Kc3 a4 78. Qg2+ 1-0